00715cam a2200205Ii 450000500170000000800410001702000300005802000150008803500210010304000440012404100080016810000240017624500450020026000610024530000330030650500840033965000390042365000300046265000170049220151027115145.015 s2015 xxua fr 000 0 eng d a9780615945033 (volumen 1) a0615945031 a(OCoLC)898185507 aCo-BoUCMbspacSaul NiñodSaul Niño0 aeng1 aEldridge, Joshua P.10aBook on injuriescDr. Joshua P. Eldridge aLexington (Kentucky, Estados Unidos)bGymnast Carec2015 a105 páginasbilustraciones aAt home and in the gym treatment of the most common gymnastics injuriesgVol. 1 0aGimnasia xHeridas, lesiones, etc. 0aEntrenamiento atlético  0aDeportistas